| 000 | 01032nam a2200253 i 4500 | ||
|---|---|---|---|
| 001 | 190746 | ||
| 003 | ES-MaACL | ||
| 005 | 20250815112606.0 | ||
| 008 | 220525s1974 sp d 000 0 spa | ||
| 080 | _a577.1(043.2) | ||
| 100 | 1 |
_aGuinovart, Joan J. _9174604 |
|
| 245 | 1 | 0 |
_aAnálisis cinético de la glucogeno sintetasa de higado de rana y su regulación / _cpor Juan José Guinovart Cirera. |
| 260 |
_aBarcelona : _b[Universidad, Facultad de Farmacia], _c1974 ( _fVernet) |
||
| 300 |
_a16 p. : _bgráf. ; _c24 cm. |
||
| 502 | _aTesis-Univ. Barcelona (Extracto) | ||
| 504 | _aBibliografía: p. 16. | ||
| 594 | _aPrecede al tít.: Universidad de Barcelona. Secretariado de Publicaciones, Intercambio Científico y Extensión Universitaria | ||
| 650 | 7 |
_aBioquímica _2embne _9136796 |
|
| 655 |
_aTesis y escritos académicos _9226867 |
||
| 710 | 2 |
_aUniversidad de Barcelona. _bFacultad de Farmacia. _97148 |
|
| 852 | 4 |
_aES-MaACL _jP-1416 (11) _9197928 _bR.68611 _cDEPO2 |
|
| 942 | _2udc | ||
| 999 |
_c190746 _d190746 |
||